书目信息 |
| 题名: |
勇敢致富
|
|
| 作者: | 奥尔曼 著 | |
| 分册: | ||
| 出版信息: | 海口 南海出版公司 2000.09 |
|
| 页数: | 332页 | |
| 开本: | 32开 | |
| 丛书名: | ||
| 单 册: | ||
| 中图分类: | B848.4 | |
| 科图分类: | ||
| 主题词: | 个性心理学 , 人格心理学 | |
| 电子资源: | ||
| ISBN: | 7-5442-1646-2 | |
| 000 | 00561nam0 2200205 45 | |
| 001 | 0011271663 | |
| 005 | 20001127164240.6 | |
| 010 | @a7-5442-1646-2@d20.00元 | |
| 100 | @a20001127d2000 km y0chiy0120 ea | |
| 101 | 0 | @achi |
| 105 | @a z 000yy | |
| 200 | 1 | @a勇敢致富@AYong Gan Zhi Fu@f(美)奥尔曼著@F(Mei)Ao Er Man Zhu |
| 210 | @a海口@c南海出版公司@d2000.09 | |
| 215 | @a332页@d32开 | |
| 606 | 0 | @a个性心理学 |
| 606 | 0 | @a人格心理学 |
| 690 | @aB848.4@v3 | |
| 701 | 0 | @a奥尔曼@4著 |
| 801 | @aCN@bPftUser@c20001127 | |
| 905 | @b505775-779@dB848.4@eS014@f5 | |
| 勇敢致富/(美)奥尔曼著.-海口:南海出版公司,2000.09 |
| 332页;32开 |
| ISBN 7-5442-1646-2:20.00元 |
| ● |
| 相关链接 |
|
|
|
正题名:勇敢致富
索取号:B848.4/S014
 
预约/预借
| 序号 | 登录号 | 条形码 | 馆藏地/架位号 | 状态 | 备注 |
| 1 | 505775 | 205057757 | 社科库509/509社科库 46排2列3层/ [索取号:B848.4/S014] | 在馆 | |
| 2 | 505776 | 205057766 | 社科库509/509社科库 46排2列3层/ [索取号:B848.4/S014] | 在馆 | |
| 3 | 505777 | 205057775 | 社科库509/ [索取号:B848.4/S014] | 在馆 | |
| 4 | 505778 | 205057784 | 社科库509/509社科库 46排2列3层/ [索取号:B848.4/S014] | 在馆 | |
| 5 | 505779 | 205057793 | 社科库509/509社科库 46排2列3层/ [索取号:B848.4/S014] | 在馆 |